00353 2200145 4500001002100000005001500021035002000036245007200056100001800128300001200146260001500158082000800173084001400181990001200195INLIS00000000000165020250429083609 a0010-04250000661 aKupas Tuntas Bid'ah dan Dalil Amaliah Warga NU /cK.H.Nawawi Ashari0 aNawawi Ashari a120 hlm a- :b-,c- a200 a200 NAW k a0754688